Statistiques concernant Paroles Danse mon Esmeralda - Notre Dame de Paris

Cliquez ici pour prendre le quiz!

Statistiques générales

  • Ce quiz a été pris 74 fois
  • Le résultat moyen est 142 sur 170

Statistiques - réponses

Réponse% Correct
Esméralda
100%
dans
95%
Danse
95%
mon
95%
A
93%
à
93%
de
93%
la
93%
pas
93%
Pour
93%
pour
93%
Je
91%
les
91%
te
91%
Chante
89%
des
89%
en
89%
mourir
89%
Mourir
89%
mourir !
89%
toi
89%
un
89%
moi
86%
Quand
86%
sa
86%
désir
84%
n'est
84%
on
84%
années
82%
auront
82%
l'univers
82%
nos
82%
Nos
82%
passé
82%
sous
82%
aimait
80%
désire
80%
deux
80%
dire
80%
enlacés
80%
laid
80%
Laisse
80%
Quasimodo
80%
que
80%
Que
80%
se
80%
si
80%
squelettes
80%
terre
80%
Terre
80%
Combien
77%
corps,
77%
fait
77%
lumière
77%
peu
77%
avec
75%
croix
75%
du
75%
encore
75%
l'aider
75%
porter
75%
buvez
73%
Mangez
73%
mort
73%
partir
73%
sang
73%
âme
70%
amour
70%
Dieu
70%
Zingara
70%
au-delà
68%
Au- delà
68%
Laissez
68%
mes
68%
Unisse
68%
avait
66%
noms
64%
s'envoler
64%
temps
64%
bras
61%
l'au-delà
61%
Vautours
61%
Lui
59%
misères
57%
Montfaucon
57%
Loins
50%
Viens
45%
mêler
43%
retrouvera
43%
t'endormir
43%
Laisser
34%

Distribution des résultats

Percentile par nombre de réponses

% des personnes avec chaque résultat

Votre développement - résultats

Vous n’avez pas pris ce quiz